LEADER 01440nam 2200349Ia 450 001 996391568703316 005 20221108082650.0 035 $a(CKB)1000000000669195 035 $a(EEBO)2240925488 035 $a(OCoLC)9920471900971 035 $a(EXLCZ)991000000000669195 100 $a19950918d1604 uy | 101 0 $aeng 135 $aurbn||||a|bb| 200 10$aBy the King$b[electronic resource] $eas often as we call to minde the most ioyfull and iust recognition made by the whole body of our realme, in the first session of our high court of Parliament .. 210 $aImprinted at London $cBy Robert Barker, Printer to the Kings most Excellent Maiestie$dAnno Dom. 1604 215 $a3 leaves 300 $aFor declaring the royal style and title. 300 $aOther title information from first 3 lines of text. 300 $a"Giuen at our Pallace of Westminster the twentieth day of October, in the second yeere of our Raigne of England, France and Ireland, and of Scotland the eight and thirtieth." 300 $aImprint from colophon. 300 $aReproduction of original in: Harvard University. Library. 330 $aeebo-0062 607 $aGreat Britain$xHistory$yJames I, 1603-1625 701 $aJames$cKing of England,$f1566-1625.$01001019 801 0$bEBK 801 1$bEBK 801 2$bWaOLN 906 $aBOOK 912 $a996391568703316 996 $aBy the King$92299281 997 $aUNISA LEADER 01557cam0-22004571i-450 001 990000812920403321 005 20260115112452.0 035 $a000081292 035 $aFED01000081292 035 $a(Aleph)000081292FED01 035 $a000081292 100 $a20020821d1999----km-y0itay50------ba 101 0 $aita 102 $aIT 105 $ay-------000yy 200 1 $aCarteggio di Maria Carolina regina delle due Sicilie con Lady Emma Hamilton$edocumenti inediti$fcon un sommario storico della reazione borbonica del 1799, ricavato dai documenti e corredato di note ed allegazioni da Raffaele Palumbo 210 $aNapoli$cPironti$dİ1999 215 $a207 p.$d21 cm 610 0 $aNapoli$aRivoluzione del 1799$aCarteggi 610 0 $aHamilton, Emma$aLettere e carteggi 610 0 $aMaria Carolina, regina di Napoli$aLettere e carteggi 610 0 $aNapoli$aStoria 676 $a945.73$v21$zita 700 0$aMaria Carolina$c$0311617 702 1$aHamilton,$bEmma$c 702 1$aPalumbo,$bRaffaele 801 0$aIT$bUNINA$gRICA$2UNIMARC 901 $aBK 912 $a990000812920403321 952 $a945.704 PALR 01$fFLFBC 952 $a60 DONO UNINA 27$b7680$fFAGBC 952 $aSEZ.NA B 1835$b10946$fFARBC 952 $a13 L 63 06$b11922$fFINBC 952 $aXIV A 718$b35374$fFSPBC 959 $aFARBC 959 $aFINBC 959 $aFLFBC 959 $aFAGBC 959 $aFSPBC 996 $aCarteggio di Maria Carolina regina delle due Sicilie con Lady Emma Hamilton$9352019 997 $aUNINA